000 00226nam a22000857a 4500
008 160712b xxu||||| |||| 00| 0 eng d
100 _92634
_a Dreamland
245 _aThe Little Mermaid
260 _aNew Delhi
_bDreamland Publication
999 _c2288
_d2288